01240nam a2200241Ka 4500001001000000003000600010005001700016008004100033040002500074082001800099110006800117245009300185260006300278300001900341505032500360650005700685650004400742650003100786650003900817049000900856952011600865999001700981000029026OCoLC20250430121825.0090609s1996 dr 000 0 spa d aDO-SdBNPbspacBNPHU a331.21bR426t1 aRepública Dominicana.bSecretaría de Estado de Trabajo949110aTarifas de salarios mínimos nacionales aprobadas por el Comité Nacional de Salarios. aSanto Domingo :bSecretaría de Estado de Trabajo,c1996. a58 p. ;c21cm.0 a1. Presentación -- Resolución no. 01-91 -- . Resolución no. 02-93 -- Resolución no. 04- 94 -- Resolución no. 01-95 Resolución no.03-95 -- Resolución no. 6-95-- Resolución no. 07-95-- Resolución no.08-95-- Resolución no. 08-95 -- Resolución no. 09-95-- Resolución no.10-95-- Resolución no. 11-95 4aCosto de mano de obrazRepública Dominicana955943 4aSalarioszRepública Dominicana955944 4aPolítica salarial955945 0aAdministración de personal91581 aBNPD 0010718PDaPDbPDcHDd2011-04-13iLF1l0o331.21 R426tp29026-10r2020-06-25w2020-06-25yLFPDZNo se presta c28518d28518